Psychology and your life (Record no. 221503)
[ view plain ]
| 000 -LEADER | |
|---|---|
| fixed length control field | 01016nam a22002177a 4500 |
| 005 - DATE AND TIME OF LATEST TRANSACTION | |
| control field | 20220215111247.0 |
| 008 - FIXED-LENGTH DATA ELEMENTS--GENERAL INFORMATION | |
| fixed length control field | 220214b ||||| |||| 00| 0 eng d |
| 020 ## - INTERNATIONAL STANDARD BOOK NUMBER | |
| International Standard Book Number | 9781259072550 |
| 040 ## - CATALOGING SOURCE | |
| Transcribing agency | AL |
| 041 ## - LANGUAGE CODE | |
| Language code of text/sound track or separate title | eng |
| 082 ## - DEWEY DECIMAL CLASSIFICATION NUMBER | |
| Edition number | 23 |
| Classification number | 150 |
| Item number | FELP |
| 100 ## - MAIN ENTRY--PERSONAL NAME | |
| Personal name | Robert S Feldman |
| 9 (RLIN) | 19718 |
| 245 ## - TITLE STATEMENT | |
| Title | Psychology and your life |
| 250 ## - EDITION STATEMENT | |
| Edition statement | 2nd ed. |
| 260 ## - PUBLICATION, DISTRIBUTION, ETC. | |
| Place of publication, distribution, etc. | McGraw Hill |
| Name of publisher, distributor, etc. | New York |
| Date of publication, distribution, etc. | 2013 |
| 300 ## - PHYSICAL DESCRIPTION | |
| Extent | xlvii,621p. |
| Other physical details | PB |
| Dimensions | 27.4x21.5cm. |
| 365 ## - TRADE PRICE | |
| Source of price type code | General |
| Price type code | ABDI/0546/22 |
| Price amount | ₹2246.25 |
| Currency code | ₹ |
| Unit of pricing | ₹2995.00 |
| Price note | 25% |
| Price effective from | 07-02-2022 |
| 520 ## - SUMMARY, ETC. | |
| Summary, etc. | Chapter 1: Introduction to Psychology Chapter 2: Neuroscience and BehaviorChapter 3: Sensation and PerceptionChapter 4: States of ConsciousnessChapter 5: LearningChapter 6: Thinking, Memory, Cognition, and LanguageChapter 7: Motivation and EmotionChapter 8: DevelopmentChapter 9: Personality and Individual DifferencesChapter 10: Psychological DisordersChapter. 11: Treatment of Psychological DisordersChapter 12: Social Psychology |
| 650 ## - SUBJECT ADDED ENTRY--TOPICAL TERM | |
| Source of heading or term | Psychology |
| 942 ## - ADDED ENTRY ELEMENTS (KOHA) | |
| Source of classification or shelving scheme | Dewey Decimal Classification |
| Koha item type | Book |
| Withdrawn status | Lost status | Source of classification or shelving scheme | Damaged status | Not for loan | Collection code | Home library | Current library | Date acquired | Source of acquisition | Cost, normal purchase price | Total Checkouts | Full call number | Barcode | Date last seen | Date last checked out | Cost, replacement price | Price effective from | Koha item type |
|---|---|---|---|---|---|---|---|---|---|---|---|---|---|---|---|---|---|---|
| Dewey Decimal Classification | Corporate Psychology | St Aloysius PG Library | St Aloysius PG Library | 02/12/2022 | Academic Book Distributors | 2246.25 | 1 | 150 FELP | PG023595 | 10/22/2022 | 10/17/2022 | 2995.00 | 02/14/2022 | Book |